Statistics for Country Flag-Shapes of Former Soviet Republics (SSR)

Click here to take the quiz!

General Stats

  • This quiz has been taken 84 times
  • The average score is 14 of 15

Answer Stats

Answer% Correct
Byelorussian SSR
99%
Armenian SSR
97%
Georgian SSR
97%
Russian SFSR
97%
Ukrainian SSR
96%
Azerbaijan SSR
94%
Kazakh SSR
94%
Moldavian SSR
93%
Turkmen SSR
93%
Estonian SSR
92%
Latvian SSR
92%
Tajik SSR
92%
Lithuanian SSR
90%
Uzbek SSR
90%
Kirghiz SSR
85%

Score Distribution

Percentile by Number Answered

Percent of People with Each Score

Your Score History

You have not taken this quiz